| 000 | 00683nam a2200193 a 4500 | ||
|---|---|---|---|
| 001 | 000035228 | ||
| 005 | 20200930074206.0 | ||
| 008 | 111026s1961 sp 000 0 spa d | ||
| 040 |
_aDO-SdBNP _bspa _cBNPHU |
||
| 082 |
_axxxx _bxxxx |
||
| 100 | 1 |
_aGonnard, Rene _960979 |
|
| 245 | 1 | 0 |
_aHistoria de las doctrinas económicas / _cRene Gonnrard ; traducción J. Campo Moreno. |
| 250 | _a6a ed. | ||
| 260 |
_aMadrid, : _bAguilar, _c1961. |
||
| 300 |
_axxiii, 641 p. ; _c22 cm. |
||
| 590 | _aPerteneció a la biblioteca personal de Juan Isidro Jimenes Grullón. | ||
| 504 | _aIncluye referencias bibliográficas y notas al pie de las páginas | ||
| 700 | 1 |
_aCampo Moreno, J., _etr. _960980 |
|
| 999 |
_c34719 _d34719 |
||